LEADER 01132nam 2200337 450 001 9910819612403321 005 20240122164153.0 010 $a1-118-10364-5 010 $a1-118-10366-1 010 $a0-470-87354-X 035 $a(CaSebORM)9781118103647 035 $a(MiAaPQ)EBC697945 035 $a(EXLCZ)9924989740900041 100 $a20141031h20112011 uy 0 101 0 $aeng 135 $aur||||||||||| 200 14$aThe ABCs of evaluation $etimeless techniques for program and project managers /$fby John Boulmetis and Phyllis Dutwin 210 1$aSan Francisco :$cJohn Wiley & Sons,$d2011. 215 $a1 online resource (307 pages) 225 1 $aResearch Methods for the Social Sciences ;$v46 320 $aIncludes bibliographical references and index. 410 0$aResearch methods for the social sciences ;$v46. 606 $aManagement$xEvaluation 615 0$aManagement$xEvaluation. 676 $a658.4/032 700 $aBoulmetis$b John$01624979 701 $aDutwin$b Phyllis$01624980 906 $aBOOK 912 $a9910819612403321 996 $aThe ABCs of evaluation$93960234 997 $aUNINA LEADER 01834nas 2200529-a 450 001 9910339569403321 005 20241221110051.0 035 $a(CKB)954921351312 035 $a(CONSER)---92643059- 035 $a(MiFhGG)4302 035 $a(EXLCZ)99954921351312 100 $a20790119b19652000 --- - 101 0 $aeng 181 $ctxt$2rdacontent 182 $cc$2rdamedia 183 $acr$2rdacarrier 200 10$aManagement accounting $ejournal of the Institute of Cost and Works Accountants 210 $aLondon $cThe Institute$d1965-©2000 215 $a1 online resource 300 $aRefereed/Peer-reviewed 300 $aTitle from cover. 300 $aIssues for incorporate CIMA student. 311 08$aPrint version: Management accounting (London, England) (DLC) 92643059 (OCoLC)4567633 0025-1682 531 $aMANAGEMENT ACCOUNTING 531 $aMANAGEMENT ACCOUNTING (BRITISH) 531 0 $aManage. account. 606 $aManagerial accounting$vPeriodicals 606 $aCost accounting$vPeriodicals 606 $aCost accounting$2fast$3(OCoLC)fst00880661 606 $aManagerial accounting$2fast$3(OCoLC)fst01007320 606 $aManagement accounting$2gtt 608 $aPeriodicals.$2fast 608 $aPeriodicals.$2lcgft 615 0$aManagerial accounting 615 0$aCost accounting 615 7$aCost accounting. 615 7$aManagerial accounting. 615 17$aManagement accounting. 676 $a657.405 712 02$aInstitute of Cost and Works Accountants (Great Britain) 712 02$aInstitute of Cost and Management Accountants. 712 02$aChartered Institute of Management Accountants. 906 $aJOURNAL 912 $a9910339569403321 920 $aexl_impl conversion 996 $aManagement accounting$9791827 997 $aUNINA